Comprensión del medio natural, social y cultural: cuato año de enseñanza general básica. Guía didáctica para el profesor
Salvato in:
| Autori principali: | , |
|---|---|
| Natura: | Libro |
| Lingua: | spagnolo |
| Pubblicazione: |
Santiago
Cal y Canto
2006
|
| Soggetti: | |
| Tags: |
Aggiungi Tag
Nessun Tag, puoi essere il primo ad aggiungerne!!
|
MARC
| LEADER | 00000nam a2200000 a 4500 | ||
|---|---|---|---|
| 001 | UCK9704 | ||
| 003 | CL-VaPUC | ||
| 008 | 060519e20060000CL |||||||||||||||||spa|d | ||
| 020 | |a 9567602867 | ||
| 082 | 0 | 4 | |a 372.357 |b AGU |2 21 |
| 100 | 0 | |a Aguirre Domínguez, Carolina |e author |9 499540 | |
| 700 | 0 | |a Quesney Eyzaguirre, Mariana |e author |9 499541 | |
| 245 | 1 | 0 | |a Comprensión del medio natural, social y cultural: cuato año de enseñanza general básica. Guía didáctica para el profesor |
| 300 | |a 80 p | ||
| 942 | |c BK | ||
| 945 | |d 20060519 00:00:00 |a jtorresc | ||
| 260 | |a Santiago |b Cal y Canto |c 2006 | ||
| 500 | |a Complementario: Texto para el estudiante | ||
| 650 | 0 | |a Enseñanza de las ciencias sociales |9 337823 | |
| 650 | 0 | |a Métodos de enseñanza |9 270413 | |
| 650 | 0 | |a Educación básica |9 224933 | |
| 650 | 0 | |a Medio ambiente |9 257625 | |
| 583 | |a last modification |c 20060519 00:00:00 |k Rodrigo Vera | ||
| 999 | |c 316772 |d 316770 | ||
| 952 | |0 0 |1 0 |4 0 |6 372_357000000000000_AGU_2006 |7 0 |8 P |9 391789 |a BIBEDU |b BIBEDU |c BIBEDU_PB |d 2019-11-22 |i 4250400 |o 372.357 AGU 2006 |p 4250400 |r 2024-01-25 |w 2019-11-22 |y BK |k EBA | ||
| 952 | |0 0 |1 0 |4 0 |6 372_357000000000000_AGU_2006 |7 0 |8 P |9 391790 |a BIBEDU |b BIBEDU |c BIBEDU_PB |d 2019-11-22 |i 4250419 |o 372.357 AGU 2006 |p 4250419 |r 2024-01-25 |w 2019-11-22 |y BK |k EBA | ||
| 952 | |0 0 |1 0 |4 0 |6 372_357000000000000_AGU_2006 |7 0 |8 P |9 391791 |a BIBEDU |b BIBEDU |c BIBEDU_PB |d 2019-11-22 |i 4250427 |o 372.357 AGU 2006 |p 4250427 |r 2024-01-25 |w 2019-11-22 |y BK |k EBA | ||
| 952 | |0 0 |1 0 |4 0 |6 372_357000000000000_AGU_2006 |7 0 |8 P |9 391792 |a BIBEDU |b BIBEDU |c BIBEDU_PB |d 2019-11-22 |i 4250435 |o 372.357 AGU 2006 |p 4250435 |r 2024-01-25 |w 2019-11-22 |y BK |k EBA | ||